Online
Catalog

Historia de la predicación : (Record no. 24720)

MARC details
000 -CABECERA
campo de control de longitud fija 00595nam a2200181 u 4500
001 - NÚMERO DE CONTROL
campo de control 000025227
005 - FECHA Y HORA DE LA ÚLTIMA TRANSACCIÓN
campo de control 20200930023637.0
008 - DATOS DE LONGITUD FIJA--INFORMACIÓN GENERAL
campo de control de longitud fija 110209s|||| xxu r 000 | spa d
040 ## - FUENTE DE LA CATALOGACIÓN
Centro catalogador/agencia de origen DO-SdBNP
Lengua de catalogación spa
Centro/agencia transcriptor BNPHU
041 17 - CÓDIGO DE LENGUA
Código de lengua del texto/banda sonora o título independiente spa
Código de lengua original eng
Fuente del código Código de idiomas MARC
082 ## - NÚMERO DE LA CLASIFICACIÓN DECIMAL DEWEY
Número de clasificación xxx
Número de documento/Ítem B863h
049 ## - FONDOS LOCALES (OCLC)
Fondos de biblioteca BNGR
100 1# - ENTRADA PRINCIPAL--NOMBRE DE PERSONA
Nombre de persona Broadus, John Albert
9 (RLIN) 51706
245 10 - MENCIÓN DE TÍTULO
Título Historia de la predicación :
Resto del título discursos /
Mención de responsabilidad, etc. John Albert Broadus; traducción José Rivas.
260 ## - PUBLICACIÓN, DISTRIBUCIÓN, ETC.
Lugar de publicación, distribución, etc. El Paso, Texas :
Nombre del editor, distribuidor, etc. Casa Bautista de Publicaciones,
Fecha de publicación, distribución, etc. [s. l.].
300 ## - DESCRIPCIÓN FÍSICA
Extensión 160 p. ;
Dimensiones 19 cm.
700 1# - PUNTO DE ACCESO ADICIONAL--NOMBRE DE PERSONA
Nombre de persona Rivas, José,
Término indicativo de función/relación tr.
9 (RLIN) 42247
Holdings
Estado de retiro Estado de pérdida Restricciones de uso No para préstamo Código de colección Localización permanente Ubicación/localización actual Ubicación en estantería Fecha de adquisición Número de inventario Total de préstamos Signatura topográfica completa Código de barras Fecha visto por última vez Precio válido a partir de Tipo de ítem Koha
      Excluido de préstamo Monografías: Libros y Folletos General General En catalogación 11.02.2011 LF1   xxx B863h 25227-10 25.06.2020 25.06.2020 No se presta

Powered by Koha